000 00675nam a2200277Ia 4500
005 20260320195725.0
008 008 262003s9999 xx 000 0 hin d
020 _a9788171783144
037 _aEBOOK
040 _aCRL
040 _bhin
040 _cCRL
041 _2hin
041 _ahin
084 _qCRL
100 _aअब्दुल बिस्मिल्लाह
_91132906
245 0 _aज़हरबाद
250 _a3rd
260 _bRajkamal
260 _c1987
300 _a104
856 _uhttps://ebook.indiaread.in/pdfs/257_zaharbaad_by_abdul_bismillah.pdf
942 _cEBOOK
999 _c1716139
_d1716139